[Event "1st Sigeman Wernbro & Co"]
[Site "Malmo SWE"]
[Date "1993.06.15"]
[Round "1"]
[White "Brynell, Stellan"]
[Black "Hellers, Ferdinand"]
[Result "0-1"]
[WhiteElo "2465"]
[BlackElo "2565"]
[EventDate "1993.06.??"]
[PlyCount "112"]

1.e4 c5 2.Nc3 Nc6 3.g3 g6 4.Bg2 Bg7 5.d3 d6 6.Nge2 e6 7.O-O Nge7 8.Bg5 O-O
9.Qd2 f6 10.Bh6 e5 11.Bxg7 Kxg7 12.f4 Be6 13.h3 Qd7 14.Kh2 d5 15.fxe5 Nxe5
16.exd5 Nxd5 17.Nf4 Nxf4 18.Qxf4 Rae8 19.Ne4 Qe7 20.Rae1 Bd5 21.Qf2 b6 22.
Nc3 Bxg2 23.Qxg2 Qd7 24.Re2 Nc6 25.Rfe1 Rxe2 26.Qxe2 Nd4 27.Qg2 Re8 28.
Rxe8 Qxe8 29.Ne4 Qe5 30.c3 Ne6 31.Qf3 f5 32.Nd2 Ng5 33.Qf2 Qd5 34.Qe3 Nf7 
35.b3 Qe5 36.Qxe5+ Nxe5 37.d4 cxd4 38.cxd4 Nc6 39.Nf3 Kf6 40.Kg2 g5 41.Kf2
h6 42.Ke3 Ke6 43.h4 g4 44.Ne1 Nb4 45.a3 Nd5+ 46.Kd3 f4 47.gxf4 Kf5 48.Ke2 
Kxf4 49.h5 Ke4 50.Nc2 Nf4+ 51.Kf2 Nxh5 52.Nb4 Nf4 53.Nc6 h5 54.Nxa7 h4 55.
d5 g3+ 56.Kg1 h3 0-1

[Event "1st Sigeman Wernbro & Co"]
[Site "Malmo SWE"]
[Date "1993.06.15"]
[Round "1"]
[White "Hector, Jonny"]
[Black "Rozentalis, Eduardas"]
[Result "0-1"]
[WhiteElo "2470"]
[BlackElo "2595"]
[EventDate "1993.06.??"]
[PlyCount "102"]

1.e4 e6 2.d4 d5 3.Nc3 Nc6 4.Nf3 Nf6 5.e5 Ne4 6.Ne2 f6 7.Ng3 fxe5 8.dxe5 
Bd7 9.Bd3 Nc5 10.Nh5 Nxd3+ 11.Qxd3 Qe7 12.Nf4 Qf7 13.Ng5 Nb4 14.Qe2 Qf5 
15.O-O Be7 16.h4 Bxg5 17.Nh5 O-O 18.Bxg5 Rf7 19.c3 Nc6 20.Rae1 Raf8 21.Ng3
Qg6 22.Bc1 h6 23.h5 Qh7 24.f4 Ne7 25.Nh1 a6 26.b3 Qe4 27.Qxe4 dxe4 28.Ba3 
Bc6 29.Ng3 Rd8 30.Nxe4 b6 31.Bxe7 Rxe7 32.Re3 Red7 33.f5 exf5 34.Rxf5 Rd3 
35.Rff3 Rd1+ 36.Rf1 R8d3 37.Ree1 Rxe1 38.Rxe1 Kf7 39.c4 Ke6 40.Nf2 Rg3 41.
Ne4 Rg4 42.Nc3 Rxg2+ 43.Kf1 Rh2 44.Re3 Rxh5 45.Ne2 Rh4 46.Nc3 Rf4+ 47.Ke2 
Rd4 48.Rg3 g5 49.Rh3 Rh4 50.Re3 Rf4 51.Kd2 Rd4+ 0-1

[Event "1st Sigeman Wernbro & Co"]
[Site "Malmo SWE"]
[Date "1993.06.15"]
[Round "1"]
[White "Petursson, Margeir"]
[Black "Hansen, Lars Bo"]
[Result "1/2-1/2"]
[WhiteElo "2560"]
[BlackElo "2545"]
[EventDate "1993.06.??"]
[PlyCount "108"]

1.d4 e6 2.c4 f5 3.g3 Nf6 4.Bg2 c6 5.Nf3 d5 6.O-O Bd6 7.b3 Qe7 8.Ne5 O-O 9.
Nd2 Bd7 10.Ndf3 Be8 11.Nd3 Nbd7 12.Nfe5 Kh8 13.Bf4 Rd8 14.Qc1 h6 15.Nxd7 
Nxd7 16.Bxd6 Qxd6 17.Qf4 Qxf4 18.Nxf4 Bf7 19.cxd5 cxd5 20.Rfc1 Rc8 21.e3 
g5 22.Nd3 Kg7 23.Kf1 Kf6 24.Ke2 Ke7 25.Kd2 Bh5 26.Bf1 Nf6 27.Ke1 Rfd8 28.
a3 Be8 29.a4 Ne4 30.f3 Nd6 31.Kd2 Bh5 32.Ne5 Nf7 33.Nxf7 Bxf7 34.a5 Rxc1 
35.Rxc1 Kd6 36.Bd3 Bh5 37.Be2 Be8 38.Rh1 Bf7 39.h4 gxh4 40.Rxh4 h5 41.b4 
Rg8 42.Rh3 a6 43.Bd3 Bg6 44.Ke2 Bf7 45.Kf2 Rc8 46.Rh1 Rc3 47.Ke2 Be8 48.
Ra1 Rb3 49.Rb1 Ra3 50.Rb2 Bc6 51.f4 Bd7 52.Kd2 Ra1 53.Ke2 Ra3 54.Kd2 Ra1 
1/2-1/2

[Event "1st Sigeman Wernbro & Co"]
[Site "Malmo SWE"]
[Date "1993.06.15"]
[Round "1"]
[White "Romanishin, Oleg"]
[Black "Helgason, Reynir"]
[Result "1-0"]
[WhiteElo "2590"]
[BlackElo "2340"]
[EventDate "1993.06.??"]
[PlyCount "79"]

1.d4 Nf6 2.Nf3 e6 3.g3 c5 4.Bg2 Qa5+ 5.Nbd2 cxd4 6.O-O d5 7.Nb3 Qb6 8.
Nbxd4 Nc6 9.a4 Nxd4 10.Nxd4 e5 11.Nb3 Be6 12.Bg5 Rd8 13.Bxf6 gxf6 14.e3 h5
15.h4 f5 16.Kh2 Bg7 17.a5 Qc7 18.c3 f4 19.exf4 exf4 20.Nd4 Be5 21.Kg1 fxg3
22.fxg3 Bxg3 23.Qd3 Rh6 24.Rf3 Bxh4 25.Raf1 Be7 26.b4 a6 27.Kh1 h4 28.Bh3 
Qc4 29.Bxe6 fxe6 30.Qe3 Rg6 31.Nxe6 Rg3 32.Qe5 Rd6 33.Rf8+ Kd7 34.Nc5+ Kc6
35.Qxe7 Rh3+ 36.Kg2 Qg4+ 37.Kf2 Rh2+ 38.Ke1 Qg3+ 39.Kd1 Qxc3 40.Qxb7# 1-0

[Event "1st Sigeman Wernbro & Co"]
[Site "Malmo SWE"]
[Date "1993.06.16"]
[Round "2"]
[White "Helgason, Reynir"]
[Black "Eriksson, Magnus"]
[Result "1/2-1/2"]
[WhiteElo "2340"]
[BlackElo "2535"]
[EventDate "1993.06.??"]
[PlyCount "36"]

1.d4 d5 2.Nf3 Nf6 3.c4 c6 4.e3 e6 5.Nbd2 Nbd7 6.Bd3 Bd6 7.e4 e5 8.exd5 
cxd5 9.cxd5 exd4 10.O-O O-O 11.Nxd4 Ne5 12.Be4 Bc5 13.N4f3 Bg4 14.Qb3 
Nxf3+ 15.Bxf3 Bxf3 16.Nxf3 Qxd5 17.Qxd5 Nxd5 18.Bd2 Rfe8 1/2-1/2

[Event "1st Sigeman Wernbro & Co"]
[Site "Malmo SWE"]
[Date "1993.06.16"]
[Round "2"]
[White "Rogers, Ian"]
[Black "Brynell, Stellan"]
[Result "1-0"]
[WhiteElo "2575"]
[BlackElo "2465"]
[EventDate "1993.06.??"]
[PlyCount "59"]

1.d4 e6 2.c4 Nf6 3.Nc3 Bb4 4.e3 b6 5.Ne2 Ba6 6.Ng3 O-O 7.e4 d5 8.cxd5 Bxf1
9.Kxf1 exd5 10.e5 Ne8 11.Qb3 Bxc3 12.bxc3 c5 13.Ba3 Na6 14.Kg1 Nec7 15.Re1
f6 16.h3 fxe5 17.Rxe5 Qd7 18.Bc1 Rae8 19.Rxe8 Rxe8 20.Kh2 Qb5 21.Qd1 Qc4 
22.Qg4 Qxc3 23.Nf5 Ne6 24.Bf4 g6 25.Be5 Nac7 26.Nh6+ Kf8 27.Qh4 g5 28.Bd6+
Kg7 29.Qh5 Qd3 30.Be5+ 1-0

[Event "1st Sigeman Wernbro & Co"]
[Site "Malmo SWE"]
[Date "1993.06.16"]
[Round "2"]
[White "Rozentalis, Eduardas"]
[Black "Hansen, Lars Bo"]
[Result "1/2-1/2"]
[WhiteElo "2595"]
[BlackElo "2545"]
[EventDate "1993.06.??"]
[PlyCount "53"]

1.e4 e6 2.d4 d5 3.Nd2 c5 4.Ngf3 cxd4 5.exd5 Qxd5 6.Bc4 Qd6 7.O-O Nf6 8.Nb3
Nc6 9.Nbxd4 Nxd4 10.Nxd4 a6 11.Re1 Qc7 12.Bb3 Bd7 13.Qf3 Bd6 14.h3 O-O-O 
15.Bg5 Qc5 16.Be3 Qe5 17.g3 Qe4 18.Rad1 Bc6 19.Qxe4 Bxe4 20.Bg5 Bg6 21.c3 
h6 22.Bxf6 gxf6 23.Bc2 Bxc2 24.Nxc2 f5 25.Rd3 f4 26.gxf4 Bxf4 27.Red1 
1/2-1/2

[Event "1st Sigeman Wernbro & Co"]
[Site "Malmo SWE"]
[Date "1993.06.17"]
[Round "3"]
[White "Eriksson, Magnus"]
[Black "Hector, Jonny"]
[Result "1/2-1/2"]
[WhiteElo "2535"]
[BlackElo "2470"]
[EventDate "1993.06.??"]
[PlyCount "112"]

1.Nf3 d5 2.d4 Nf6 3.c4 c6 4.Nc3 e6 5.cxd5 exd5 6.Qc2 Na6 7.a3 Nc7 8.Bg5 
Ne6 9.Bh4 Be7 10.e3 g6 11.Bd3 Ng7 12.O-O Bf5 13.Bxf6 Bxf6 14.b4 Rc8 15.
Rfc1 O-O 16.Rab1 Re8 17.Na4 Bg4 18.Qd1 Be7 19.h3 Bf5 20.Nc5 Rc7 21.Bxf5 
Nxf5 22.a4 Nd6 23.Ne5 Bf6 24.Ncd3 a6 25.Qc2 Rc8 26.Nf3 Nc4 27.Qa2 Ra8 28.
Nd2 Nd6 29.Qb3 Bg7 30.Nc5 Qg5 31.Qd3 Bh6 32.Nf3 Qe7 33.Rc2 Bg7 34.Re2 h5 
35.Qb3 g5 36.Nd3 g4 37.hxg4 hxg4 38.Nfe5 Qg5 39.g3 Re6 40.Qd1 Ne4 41.Rc2 
Bxe5 42.Nxe5 f5 43.f4 Qg7 44.Rbb2 Nxg3 45.Rg2 Rh6 46.Rxg3 Qh7 47.Kf1 Rh1+ 
48.Rg1 Qh3+ 49.Rg2 Rxg1+ 50.Kxg1 Qxe3+ 51.Kh1 Kf8 52.Nxg4 fxg4 53.Qxg4 Qe4
54.Qg8+ Ke7 55.Qxa8 Qe1+ 56.Kh2 Qh4+ 1/2-1/2

[Event "1st Sigeman Wernbro & Co"]
[Site "Malmo SWE"]
[Date "1993.06.18"]
[Round "4"]
[White "Hector, Jonny"]
[Black "Brynell, Stellan"]
[Result "1-0"]
[WhiteElo "2470"]
[BlackElo "2465"]
[EventDate "1993.06.??"]
[PlyCount "161"]

1.e4 e6 2.d4 d5 3.Nc3 Nf6 4.Bg5 Be7 5.e5 Nfd7 6.h4 Bxg5 7.hxg5 Qxg5 8.Qd3 
g6 9.Nf3 Qe7 10.Qe3 Nc6 11.O-O-O Nb6 12.Rh6 Bd7 13.Qg5 Qxg5+ 14.Nxg5 Ke7 
15.Nxh7 Rac8 16.f4 Nb8 17.Bd3 Na4 18.Nxa4 Bxa4 19.Rdh1 c5 20.dxc5 Rxc5 21.
Ng5 Rxh6 22.Rxh6 Be8 23.Rh7 Nd7 24.Kd2 Rc8 25.c3 Kf8 26.Bb5 Rc7 27.Rh8+ 
Ke7 28.Nh7 Nf8 29.Rxf8 Bxb5 30.Ra8 a6 31.Nf6 Rc4 32.g3 d4 33.Ng8+ Kd7 34.
Rf8 dxc3+ 35.bxc3 Ra4 36.Rxf7+ Kc6 37.Ne7+ Kb6 38.Nc8+ Kc5 39.Nd6 Rxa2+ 
40.Ke3 Bc6 41.Nxb7+ Kd5 42.Rc7 Ra3 43.Kd3 Bb5+ 44.Kc2 Ra2+ 45.Kb3 Rg2 46.
c4+ Bxc4+ 47.Rxc4 Rxg3+ 48.Kb4 g5 49.Rc5+ Ke4 50.fxg5 Rxg5 51.Nd6+ Kd4 52.
Nf7 Rg1 53.Rc4+ Kd5 54.Rc2 Rf1 55.Rd2+ Ke4 56.Rd7 Rc1 57.Kb3 Kf5 58.Kb2 
Rc6 59.Rd1 Rc7 60.Rf1+ Ke4 61.Re1+ Kd5 62.Nd6 Kd4 63.Kb3 Rc3+ 64.Kb4 Rc2 
65.Nf7 Rc7 66.Ng5 Kd5 67.Ka5 Rc6 68.Nf7 Rc7 69.Rf1 Rc2 70.Rd1+ Ke4 71.Kxa6
Rc7 72.Rf1 Kd5 73.Kb6 Rc6+ 74.Kb7 Rc2 75.Rd1+ Ke4 76.Re1+ Kd5 77.Nd8 Rh2 
78.Nc6 Rg2 79.Rd1+ Ke4 80.Kc7 Rh2 81.Kd6 1-0

[Event "1st Sigeman Wernbro & Co"]
[Site "Malmo SWE"]
[Date "1993.06.18"]
[Round "4"]
[White "Helgason, Reynir"]
[Black "Petursson, Margeir"]
[Result "0-1"]
[WhiteElo "2340"]
[BlackElo "2560"]
[EventDate "1993.06.??"]
[PlyCount "106"]

1.d4 Nf6 2.Nf3 e6 3.Bg5 c5 4.e3 Be7 5.Nbd2 O-O 6.Bd3 b6 7.O-O Nc6 8.c3 
cxd4 9.cxd4 h6 10.Bh4 Nb4 11.Be2 Bb7 12.a3 Nbd5 13.Rc1 d6 14.Bb5 Rc8 15.
Qe2 Rc7 16.Ba6 Bxa6 17.Qxa6 Qc8 18.Qxc8 Rfxc8 19.Rxc7 Rxc7 20.Ne1 g5 21.
Bg3 Nh5 22.Nd3 Rc2 23.Rd1 f5 24.Nf3 Nhf6 25.Nfe1 Rc4 26.Rc1 Rxc1 27.Nxc1 
Ne4 28.Ne2 h5 29.h3 Kf7 30.Bh2 Nd2 31.Nc2 a5 32.Nc1 a4 33.Nd3 Nc4 34.Kf1 
Bf6 35.Ke2 e5 36.f3 exd4 37.exd4 Ke6 38.Bg3 f4 39.Bf2 h4 40.Bg1 Ne7 41.
Ncb4 Nf5 42.Nc2 Kd7 43.Bf2 Kc6 44.Ndb4+ Kd7 45.Nd3 Bg7 46.Bg1 Kc6 47.Ndb4+
Kb5 48.Kd3 Nxb2+ 49.Ke4 Ng3+ 50.Kd5 Ne2 51.Bf2 Nd1 52.Kxd6 Nxf2 53.d5 Nd4 
0-1

[Event "1st Sigeman Wernbro & Co"]
[Site "Malmo SWE"]
[Date "1993.06.18"]
[Round "4"]
[White "Romanishin, Oleg"]
[Black "Eriksson, Magnus"]
[Result "1/2-1/2"]
[WhiteElo "2590"]
[BlackElo "2535"]
[EventDate "1993.06.??"]
[PlyCount "170"]

1.d4 Nf6 2.Nf3 g6 3.g3 Bg7 4.Bg2 d5 5.c4 c6 6.cxd5 cxd5 7.Ne5 O-O 8.Nc3 e6
9.O-O Nfd7 10.f4 Nc6 11.Be3 Nb6 12.b3 Qe7 13.Kh1 Bd7 14.Bf2 Rfc8 15.Rc1 
Be8 16.e3 Rc7 17.Nd3 Nb4 18.Nc5 Na6 19.Nxa6 bxa6 20.Be1 Qa3 21.Rf2 Rac8 
22.Rcc2 Bf8 23.Bf1 Nd7 24.Nb1 Qd6 25.Rxc7 Qxc7 26.Bxa6 Qc1 27.Qe2 Rc7 28.
Bd3 Nf6 29.Rf1 Qc6 30.Ba5 Rc8 31.Bd2 Ne4 32.Rc1 Qb7 33.Rxc8 Qxc8 34.Kg1 
Qc7 35.Qe1 h5 36.Qc1 Qd8 37.Be1 h4 38.Nd2 hxg3 39.hxg3 Nf6 40.Nf3 Ng4 41.
Bd2 Qb8 42.Ne5 Nxe5 43.dxe5 Bb5 44.Qc2 Bxd3 45.Qxd3 Bb4 46.Bc1 Qc7 47.Bb2 
Qc5 48.Kf2 a5 49.Ke2 Ba3 50.Bd4 Qc1 51.Qd1 Qc8 52.Kf2 Qc6 53.Qd2 Bb4 54.
Qb2 a4 55.bxa4 Qxa4 56.Qb3 Qa5 57.Qc2 Ba3 58.Ke2 Qb5+ 59.Qd3 Qa5 60.g4 Be7
61.Qc2 Bh4 62.g5 Qe1+ 63.Kd3 Qa5 64.Qb3 Be1 65.Kc2 Bb4 66.a4 Kg7 67.Kb2 
Kg8 68.Ka2 Kg7 69.Qc2 Qa6 70.Kb3 Be7 71.Qc7 Qd3+ 72.Qc3 Qb1+ 73.Qb2 Qd3+ 
74.Ka2 Qc4+ 75.Qb3 Qe2+ 76.Ka1 Qd2 77.Kb1 Qe1+ 78.Kc2 Qe2+ 79.Kc1 Qe1+ 80.
Kb2 Qd2+ 81.Ka1 Qc1+ 82.Ka2 Qd2+ 83.Qb2 Qd1 84.Qb3 Qd2+ 85.Bb2 Bb4 1/2-1/2

[Event "1st Sigeman Wernbro & Co"]
[Site "Malmo SWE"]
[Date "1993.06.19"]
[Round "5"]
[White "Brynell, Stellan"]
[Black "Romanishin, Oleg"]
[Result "1/2-1/2"]
[WhiteElo "2465"]
[BlackElo "2590"]
[EventDate "1993.06.??"]
[PlyCount "64"]

1.e4 e5 2.Nf3 Nc6 3.Bb5 a6 4.Bxc6 dxc6 5.O-O Qd6 6.Na3 Be6 7.Qe2 f6 8.Rd1 
Bg4 9.c3 Qe6 10.Nc2 Ne7 11.d4 Ng6 12.h3 Bxf3 13.Qxf3 Bd6 14.Ne3 O-O 15.Nf5
exd4 16.cxd4 Rae8 17.Re1 Ne7 18.Nxe7+ Rxe7 19.Bd2 c5 20.dxc5 Bxc5 21.Bc3 
Bd6 22.e5 fxe5 23.Qxb7 e4 24.Qb3 Qxb3 25.axb3 Bc5 26.Re2 e3 27.fxe3 Rxe3 
28.Rxe3 Bxe3+ 29.Kh2 Bf4+ 30.g3 Bd6 31.Kg2 Re8 32.Kf3 Rf8+ 1/2-1/2

[Event "1st Sigeman Wernbro & Co"]
[Site "Malmo SWE"]
[Date "1993.06.19"]
[Round "5"]
[White "Eriksson, Magnus"]
[Black "Rozentalis, Eduardas"]
[Result "0-1"]
[WhiteElo "2535"]
[BlackElo "2595"]
[EventDate "1993.06.??"]
[PlyCount "132"]

1.Nf3 Nf6 2.c4 e6 3.g3 b6 4.Bg2 Bb7 5.O-O Be7 6.Nc3 O-O 7.Re1 d5 8.cxd5 
Nxd5 9.d4 Nxc3 10.bxc3 Be4 11.Ne5 Bxg2 12.Kxg2 c5 13.e4 Bf6 14.Nf3 Nc6 15.
Be3 cxd4 16.cxd4 Qd7 17.Qd2 Rfd8 18.Rad1 Na5 19.Bg5 Bxg5 20.Qxg5 Rac8 21.
d5 f6 22.Qe3 e5 23.Rc1 Nc4 24.Qb3 b5 25.a4 bxa4 26.Qa2 Nb6 27.Nd2 Qb5 28.
Rc6 Rxc6 29.dxc6+ Kf8 30.Rc1 Qb4 31.Nc4 Ke7 32.Nxb6 axb6 33.Rc4 Qb3 34.Qe2
h5 35.c7 Rc8 36.Rc1 Qb4 37.Kg1 Qd6 38.Qb5 Rxc7 39.Rxc7+ Qxc7 40.Qxa4 g5 
41.Qb4+ Qc5 42.Qb3 Qc1+ 43.Kg2 Qc6 44.Qb4+ Kd7 45.Kg1 b5 46.Qa5 h4 47.gxh4
gxh4 48.h3 Kc8 49.Qb4 Kb7 50.Qe7+ Kb6 51.Kh2 Qxe4 52.Qxf6+ Kc5 53.Qf8+ Kc4
54.Qf7+ Kc3 55.Qa2 b4 56.Qa1+ Kb3 57.Qd1+ Kc4 58.Qa4 Qd4 59.Kg1 Kc3 60.
Qa1+ Kc2 61.Qa2+ Kc1 62.Kg2 Qc3 63.Qe2 b3 64.Qf1+ Kd2 65.Qb1 b2 66.Qg6 Qd3
0-1

[Event "1st Sigeman Wernbro & Co"]
[Site "Malmo SWE"]
[Date "1993.06.19"]
[Round "5"]
[White "Hansen, Lars Bo"]
[Black "Helgason, Reynir"]
[Result "1-0"]
[WhiteElo "2545"]
[BlackElo "2340"]
[EventDate "1993.06.??"]
[PlyCount "83"]

1.d4 Nf6 2.c4 e6 3.g3 Bb4+ 4.Nd2 d6 5.Bg2 c5 6.Nf3 Nc6 7.dxc5 Bxc5 8.O-O 
O-O 9.a3 a5 10.b3 Rb8 11.Bb2 e5 12.Qc2 Qe7 13.e3 Bd7 14.Ng5 Ba7 15.Qd3 
Rfd8 16.Nge4 Bf5 17.Qe2 Qe6 18.Rfd1 Nxe4 19.Nxe4 Qg6 20.Nc3 Bc2 21.Rd2 
Bxb3 22.a4 Nb4 23.Be4 f5 24.Nd5 Qf7 25.Bg2 e4 26.Ra3 Nxd5 27.Rxd5 Bxc4 28.
Qxc4 Rdc8 29.Qb3 Bc5 30.Rxf5 Qxb3 31.Rxb3 b5 32.Bxe4 bxa4 33.Bd5+ Kh8 34.
Rg5 h6 35.Bxg7+ Kh7 36.Be4+ Kg8 37.Bd5+ Kh7 38.Be4+ Kg8 39.Bxh6+ Kf7 40.
Bd5+ Kf6 41.Rxb8 Rxb8 42.h4 1-0

[Event "1st Sigeman Wernbro & Co"]
[Site "Malmo SWE"]
[Date "1993.06.19"]
[Round "5"]
[White "Hellers, Ferdinand"]
[Black "Rogers, Ian"]
[Result "1-0"]
[WhiteElo "2565"]
[BlackElo "2575"]
[EventDate "1993.06.??"]
[PlyCount "53"]

1.e4 c6 2.d4 d5 3.Nc3 dxe4 4.Nxe4 Nd7 5.Bc4 Ngf6 6.Ng5 e6 7.Qe2 Nb6 8.Bd3 
h6 9.N5f3 c5 10.Be3 a6 11.c3 Nbd5 12.Ne5 cxd4 13.Bxd4 Nf4 14.Qf3 Nxd3+ 15.
Qxd3 b5 16.Ne2 Bb7 17.Nf4 Be4 18.Qe3 Bf5 19.O-O-O Qa5 20.g4 Bh7 21.Nxf7 
Qxa2 22.Nxh8 Ne4 23.Nhg6 Ba3 24.bxa3 Qxa3+ 25.Kc2 Qa2+ 26.Kd3 Ng5 27.h4 
1-0

[Event "1st Sigeman Wernbro & Co"]
[Site "Malmo SWE"]
[Date "1993.06.19"]
[Round "5"]
[White "Petursson, Margeir"]
[Black "Hector, Jonny"]
[Result "1/2-1/2"]
[WhiteElo "2560"]
[BlackElo "2470"]
[EventDate "1993.06.??"]
[PlyCount "81"]

1.d4 d5 2.c4 c6 3.Nf3 Nf6 4.Nc3 dxc4 5.a4 Bf5 6.Ne5 e6 7.f3 Bb4 8.Bg5 h6 
9.Bh4 c5 10.dxc5 Qxd1+ 11.Kxd1 Nbd7 12.Nxd7 O-O-O 13.e4 Rxd7+ 14.Kc2 Bg6 
15.Bxc4 Bxc5 16.a5 Nd5 17.Bb5 Ne3+ 18.Kb3 Rd4 19.Na2 f5 20.Rac1 b6 21.axb6
axb6 22.Be7 e5 23.Bxc5 Bf7+ 24.Ka3 bxc5 25.Rxc5+ Kb7 26.b3 Ra8+ 27.Ba4 
Bxb3 28.Rb5+ Kc7 29.Kxb3 Rdxa4 30.Rc1+ Kd8 31.Nb4 Ra3+ 32.Kb2 fxe4 33.fxe4
R3a4 34.Kb3 Ra3+ 35.Kb2 R3a4 36.g3 Ng4 37.Rb7 Nf6 38.Rc5 Nxe4 39.Rc6 R4a7 
40.Rcb6 Ke8 41.Re6+ 1/2-1/2

[Event "1st Sigeman Wernbro & Co"]
[Site "Malmo SWE"]
[Date "1993.06.20"]
[Round "6"]
[White "Eriksson, Magnus"]
[Black "Brynell, Stellan"]
[Result "0-1"]
[WhiteElo "2535"]
[BlackElo "2465"]
[EventDate "1993.06.??"]
[PlyCount "92"]

1.d4 d5 2.Nf3 Nf6 3.c4 dxc4 4.Na3 c5 5.Nxc4 Nc6 6.e3 Bg4 7.Be2 e6 8.O-O 
cxd4 9.exd4 Be7 10.Nce5 O-O 11.Nxg4 Nxg4 12.Qb3 Qc7 13.Rd1 Rfd8 14.h3 Nf6 
15.Be3 Nd5 16.Rac1 Bf6 17.a3 Rac8 18.Bd3 Qe7 19.Be4 a6 20.Rc2 g6 21.Rdc1 
Na5 22.Qa4 Rxc2 23.Rxc2 Nc6 24.Rc5 Qd7 25.Bxd5 exd5 26.Qd1 Qf5 27.Qd2 Re8 
28.b4 Be7 29.Rc1 Bd6 30.Qa2 Rc8 31.Qe2 Ne7 32.Rxc8+ Nxc8 33.Bh6 Qe4 34.Qd1
f6 35.h4 Nb6 36.Qb3 Nc4 37.a4 Kf7 38.a5 Qe2 39.g3 Qb2 40.Qd3 Qxb4 41.Ng5+ 
fxg5 42.Qf3+ Ke8 43.Qxd5 Qe1+ 44.Kg2 Nd2 45.Qg8+ Kd7 46.Qf7+ Qe7 0-1

[Event "1st Sigeman Wernbro & Co"]
[Site "Malmo SWE"]
[Date "1993.06.20"]
[Round "6"]
[White "Hector, Jonny"]
[Black "Hansen, Lars Bo"]
[Result "0-1"]
[WhiteElo "2470"]
[BlackElo "2545"]
[EventDate "1993.06.??"]
[PlyCount "82"]

1.e4 c6 2.Nc3 d5 3.Nf3 Bg4 4.h3 Bxf3 5.Qxf3 e6 6.g3 Nf6 7.Bg2 dxe4 8.Qe2 
Nbd7 9.b3 Bd6 10.Bb2 Be5 11.O-O O-O 12.Rad1 Qc7 13.Ba3 Bd6 14.Bc1 Qa5 15.
a4 Nc5 16.Ba3 Qc7 17.Qc4 Ncd7 18.Bxd6 Qxd6 19.Nxe4 Nxe4 20.Bxe4 a5 21.d4 
Nf6 22.Bg2 Rfd8 23.c3 Rac8 24.Rde1 b5 25.axb5 cxb5 26.Qxb5 Rxc3 27.Ra1 
Qxd4 28.Rxa5 Rxg3 29.Ra4 Qd3 30.Qb7 Rg5 31.Ra8 h6 32.Rxd8+ Qxd8 33.Ra1 Kh7
34.Ra7 Qd1+ 35.Kh2 Qd4 36.Ra2 Qf4+ 37.Kh1 Rc5 38.Ra1 Rc7 39.Qa8 Qxf2 40.
Qd8 Qf4 41.Rf1 Rc1 0-1

[Event "1st Sigeman Wernbro & Co"]
[Site "Malmo SWE"]
[Date "1993.06.20"]
[Round "6"]
[White "Helgason, Reynir"]
[Black "Hellers, Ferdinand"]
[Result "1/2-1/2"]
[WhiteElo "2340"]
[BlackElo "2565"]
[EventDate "1993.06.??"]
[PlyCount "121"]

1.d4 Nf6 2.Nf3 g6 3.g3 d5 4.Bg2 Bg7 5.O-O O-O 6.Be3 Nc6 7.h3 Re8 8.Qc1 e5 
9.dxe5 Nxe5 10.Nbd2 Qe7 11.Nxe5 Qxe5 12.Nf3 Qe7 13.c4 Ne4 14.Bd4 Bxd4 15.
Nxd4 Qc5 16.Nb3 Qxc4 17.Qxc4 dxc4 18.Na5 Nd6 19.Rfc1 Rxe2 20.Nxc4 Nxc4 21.
Rxc4 c6 22.Rd1 Re8 23.Rb4 Kf8 24.g4 a5 25.Rb3 Ra7 26.a3 Be6 27.Rc3 Raa8 
28.Rc5 Ke7 29.Rd4 Red8 30.Ra4 Rd1+ 31.Kh2 Rd2 32.b4 Rxf2 33.Kg3 Rb2 34.
bxa5 Rd8 35.Rc3 Rd1 36.Bf3 Rg1+ 37.Kf4 Rf1 38.a6 bxa6 39.Rxa6 Bd5 40.Ra7+ 
Kd6 41.Kg3 g5 42.Bxd5 cxd5 43.Rd3 Rg1+ 44.Kf3 Rh2 45.Ra6+ Ke7 46.Rh6 Ra1 
47.Rxh7 Kf6 48.Kg3 Rha2 49.Rxd5 Rxa3+ 50.Kf2 R1a2+ 51.Kg1 Rg3+ 52.Kh1 Kg6 
53.Rh8 Rb3 54.Rd1 Kg7 55.Rh5 f6 56.Kg1 Rbb2 57.Rc1 Ra8 58.h4 Ra4 59.hxg5 
Rxg4+ 60.Kh1 fxg5 61.Rg1 1/2-1/2

[Event "1st Sigeman Wernbro & Co"]
[Site "Malmo SWE"]
[Date "1993.06.20"]
[Round "6"]
[White "Romanishin, Oleg"]
[Black "Petursson, Margeir"]
[Result "0-1"]
[WhiteElo "2590"]
[BlackElo "2560"]
[EventDate "1993.06.??"]
[PlyCount "55"]

1.e4 c5 2.Nc3 Nc6 3.g3 g6 4.Bg2 Bg7 5.d3 d6 6.Nh3 e6 7.O-O Nge7 8.Be3 b6 
9.Qd2 h6 10.Rae1 Bb7 11.f4 f5 12.e5 dxe5 13.fxe5 g5 14.Nb5 Bxe5 15.Bf2 Ng6
16.Qd1 O-O 17.c3 a6 18.Na3 Qe7 19.Nc4 g4 20.Nf4 Bxf4 21.gxf4 b5 22.Nb6 
Rad8 23.Qd2 Na5 24.Bxb7 Nxb7 25.b4 Qd6 26.Qe3 Qxb6 27.bxc5 Qc6 28.Qxe6+ 
0-1

[Event "1st Sigeman Wernbro & Co"]
[Site "Malmo SWE"]
[Date "1993.06.21"]
[Round "7"]
[White "Brynell, Stellan"]
[Black "Rozentalis, Eduardas"]
[Result "1/2-1/2"]
[WhiteElo "2465"]
[BlackElo "2595"]
[EventDate "1993.06.??"]
[PlyCount "48"]

1.Nf3 Nf6 2.c4 e6 3.d4 b6 4.g3 Bb7 5.Bg2 Be7 6.O-O O-O 7.Nc3 Ne4 8.Nxe4 
Bxe4 9.Nh4 f5 10.Bxe4 fxe4 11.Ng2 d5 12.Qc2 Qd7 13.Be3 c6 14.Rac1 a6 15.
Bf4 Ra7 16.cxd5 cxd5 17.Be5 Bd6 18.Bxd6 Qxd6 19.f3 exf3 20.Rxf3 Re8 21.Nf4
Rae7 22.Nd3 Nd7 23.Qc6 Qxc6 24.Rxc6 e5 1/2-1/2

[Event "1st Sigeman Wernbro & Co"]
[Site "Malmo SWE"]
[Date "1993.06.21"]
[Round "7"]
[White "Hansen, Lars Bo"]
[Black "Romanishin, Oleg"]
[Result "1/2-1/2"]
[WhiteElo "2545"]
[BlackElo "2590"]
[EventDate "1993.06.??"]
[PlyCount "70"]

1.d4 Nf6 2.c4 e6 3.Nf3 b6 4.g3 Ba6 5.b3 Bb7 6.Bg2 Bb4+ 7.Bd2 a5 8.O-O O-O 
9.Qc2 d6 10.a3 Bxd2 11.Nbxd2 Nc6 12.e4 e5 13.d5 Ne7 14.Nb1 Bc8 15.Nc3 Ng4 
16.Rae1 Ng6 17.Qd2 Bd7 18.a4 h6 19.Nd1 f5 20.exf5 Bxf5 21.Ne3 Nxe3 22.fxe3
Qe7 23.e4 Bg4 24.Qe3 Rf6 25.Nd2 Raf8 26.Bf3 Bh3 27.Bg2 Bg4 28.Bf3 Qd7 29.
Bxg4 Qxg4 30.Rxf6 Rxf6 31.Qe2 Qg5 32.Nf3 Qh5 33.Nd2 Qg5 34.Nf3 Qg4 35.Nd2 
Qg5 1/2-1/2

[Event "1st Sigeman Wernbro & Co"]
[Site "Malmo SWE"]
[Date "1993.06.21"]
[Round "7"]
[White "Rogers, Ian"]
[Black "Helgason, Reynir"]
[Result "1-0"]
[WhiteElo "2575"]
[BlackElo "2340"]
[EventDate "1993.06.??"]
[PlyCount "43"]

1.e4 Nf6 2.e5 Nd5 3.d4 d6 4.c4 Nb6 5.exd6 exd6 6.Nc3 Be7 7.Nf3 Bg4 8.Be2 
c6 9.b3 N8d7 10.h3 Bh5 11.Be3 a5 12.d5 c5 13.Bf4 a4 14.Nb5 Nc8 15.O-O O-O 
16.Qd2 Ndb6 17.Rae1 Ra6 18.Nh2 Bxe2 19.Rxe2 axb3 20.axb3 Na7 21.Rxe7 Nxb5 
22.cxb5 1-0

[Event "1st Sigeman Wernbro & Co"]
[Site "Malmo SWE"]
[Date "1993.06.22"]
[Round "8"]
[White "Eriksson, Magnus"]
[Black "Hansen, Lars Bo"]
[Result "1/2-1/2"]
[WhiteElo "2535"]
[BlackElo "2545"]
[EventDate "1993.06.??"]
[PlyCount "141"]

1.d4 d5 2.c4 c6 3.Nf3 Nf6 4.Nc3 dxc4 5.e3 b5 6.a4 b4 7.Nb1 e6 8.Bxc4 c5 9.
O-O Bb7 10.Qe2 Be7 11.Nbd2 O-O 12.a5 a6 13.e4 cxd4 14.e5 Nfd7 15.Nxd4 Nc6 
16.Nxc6 Bxc6 17.Nb3 Qc7 18.Bf4 Qb7 19.Rfd1 Rfd8 20.Qg4 Nf8 21.Rxd8 Rxd8 
22.Bg5 Ng6 23.Bxe7 Qxe7 24.Bxa6 Nxe5 25.Qg3 Ng6 26.Bf1 e5 27.a6 Nf4 28.Re1
Qf6 29.Nc5 h6 30.Qe3 Qg6 31.g3 Re8 32.Nd3 Nxd3 33.Bxd3 Qe6 34.Qc5 Ba8 35.
Qxb4 Rd8 36.Be4 Qxa6 37.Bxa8 Qxa8 38.Rxe5 g6 39.Re1 Rb8 40.Qd4 Rd8 41.Qf4 
Qb8 42.Qxh6 Qxb2 43.Qf4 Kg7 44.h4 Qf6 45.Qe4 Rd2 46.Re2 Rd4 47.Qe3 Rd1+ 
48.Re1 Rd6 49.Rc1 Re6 50.Qd3 Rd6 51.Qe2 Re6 52.Qf1 Re5 53.Re1 Rd5 54.Qg2 
Rf5 55.Re3 Qa1+ 56.Kh2 Qf6 57.Kg1 Qa1+ 58.Kh2 Qf6 59.f4 Rc5 60.Qf3 Rc2+ 
61.Re2 Qc6 62.Qd3 Rc1 63.Qd4+ Kh7 64.Rg2 Rc2 65.Rxc2 Qxc2+ 66.Kh3 Qe2 67.
Qd5 f5 68.Qg2 Qd1 69.Kh2 Kh6 70.Qb2 Kh5 71.Qg2 1/2-1/2

[Event "1st Sigeman Wernbro & Co"]
[Site "Malmo SWE"]
[Date "1993.06.22"]
[Round "8"]
[White "Hector, Jonny"]
[Black "Rogers, Ian"]
[Result "0-1"]
[WhiteElo "2470"]
[BlackElo "2575"]
[EventDate "1993.06.??"]
[PlyCount "88"]

1.e4 b6 2.Nc3 Bb7 3.f4 e6 4.Nf3 d5 5.d3 dxe4 6.dxe4 Qxd1+ 7.Kxd1 Nf6 8.
Bb5+ Nc6 9.a3 O-O-O+ 10.Bd3 h6 11.Re1 Be7 12.Ke2 Nd7 13.b4 g5 14.g3 gxf4 
15.gxf4 Rhg8 16.Be3 Bf6 17.Bd2 Rg2+ 18.Ke3 e5 19.f5 Nd4 20.Rg1 Rdg8 21.
Rxg2 Rxg2 22.Rd1 c5 23.Nb5 Be7 24.Nfxd4 exd4+ 25.Kf3 Rxd2 26.Rxd2 a6 27.
Nxd4 cxd4 28.Rg2 Bg5 29.Kg3 b5 30.Rg1 Ne5 31.Ra1 Kc7 32.a4 Kb6 33.axb5 
axb5 34.Ra5 Bc6 35.Ra1 f6 36.Kf2 h5 37.Ke2 h4 38.Ra3 Bf4 39.h3 Nc4 40.Ra1 
Bg3 41.Ra2 Nd6 42.Kf3 Nxf5 43.Bxb5 Bxb5 44.exf5 Bf1 0-1

[Event "1st Sigeman Wernbro & Co"]
[Site "Malmo SWE"]
[Date "1993.06.22"]
[Round "8"]
[White "Rozentalis, Eduardas"]
[Black "Helgason, Reynir"]
[Result "1-0"]
[WhiteElo "2595"]
[BlackElo "2340"]
[EventDate "1993.06.??"]
[PlyCount "81"]

1.e4 c5 2.c3 d5 3.exd5 Qxd5 4.d4 Nc6 5.Nf3 Bg4 6.Be2 cxd4 7.cxd4 e6 8.Nc3 
Qa5 9.h3 Bh5 10.Qb3 Qb4 11.Be3 Nf6 12.g4 Bg6 13.Ne5 Bd6 14.Qxb4 Nxb4 15.
O-O O-O 16.h4 h6 17.Nxg6 fxg6 18.Bf3 Nfd5 19.Be4 Bf4 20.Rfe1 h5 21.a3 Nxc3
22.bxc3 Nd5 23.c4 Nxe3 24.fxe3 Bg3 25.Rf1 Bxh4 26.Bxb7 Rxf1+ 27.Rxf1 Rf8 
28.c5 Rxf1+ 29.Kxf1 hxg4 30.Ke2 Kf7 31.Bg2 Ke7 32.e4 e5 33.d5 Kd7 34.Kd3 
Bf2 35.Kc4 g5 36.Kb5 Kc7 37.d6+ Kd7 38.Bf1 g3 39.Bh3+ g4 40.Bxg4+ Ke8 41.
Bh3 1-0